Matemáticas para actuarios /

Guardado en:
Autor Principal: Freeman, Harry
Formato: Libro
Publicado: España : Aguilar, 1951
Materias:
Etiquetas: Agregar Etiqueta
Sin Etiquetas, Sea el primero en etiquetar este registro!
LEADER 00856nam a22002175a 4500
001 CEM.cems002620
005 19000101000000.0
008 130507s1951##################000#0#####d
003 CEMS
082 0 4 |a 517 
100 1 |a Freeman, Harry 
245 1 0 |a Matemáticas para actuarios / 
260 |a España :  |b Aguilar,  |c 1951 
300 |a 631 p. 
505 0 |a Variables reales; Funciones de variables reales; Numeros complejos; Limites de funciones de variable entera y positiva; Limites de funciones de una variable continua; Derivadas e integrales; Convergencia de series infinitas e integrales infinitas; Funciones logaritmica, exponencial y circular de una varable real 
653 |a Derivadas 
653 |a Estadistica 
653 |a Integrales 
653 |a Matematica 
653 |a Maximo y minimo 
859 |a CEMS  |b BIB. CEMS - 11 de abril  |h 517  |i F885  |p 8800.81  |t Ej.1